banner koha

Avaliacao critica dos projetos do PNP-arroz na area de praticas culturais, no periodo de 1980 a 1989: Estados do Rio Grande do Sul e Santa Catarina (Registro n. 336877)

MARC details
000 -LÍDER
campo de controle de tamanho fixo 01380naa a22003617a 4500
001 - NÚMERO DE CONTROLE
campo de controle BR9403855
003 - IDENTIFICADOR DO NÚMERO DE CONTROLE
campo de controle BR-BrBNA
005 - DATA E HORÁRIO DA ÚLTIMA TRANSAÇÃO
campo de controle 20250721155513.0
007 - CAMPO FIXO DE DESCRIÇÃO FÍSICA--INFORMAÇÃO GERAL
campo de controle de tamanho fixo ta
008 - CAMPO DE DADOS FIXOS--INFORMAÇÃO GERAL
campo de controle de tamanho fixo 250630b bl.|||m| |||| 00| 0 por d
040 ## - FONTE DA CATALOGAÇÃO
Instituição da catalogação original BR-BrBNA
Idioma da catalogação por
Instituição que transcreveu o registro Biblioteca Nacional de Agricultura
041 ## - CÓDIGO DE IDIOMA
Código do idioma do texto/trilha sonora ou título diferente (Pt)
072 ## - CÓDIGO DE CATEGORIA DE ASSUNTO
Código de Categoria de Assunto F01; H60
Código do objeto 0150
090 ## - NÚMERO DE CHAMADA LOCAL
Número de chamada F01 BR9403855
100 1# - ENTRADA PRINCIPAL--NOME PESSOAL
Nome pessoal Souza, P.R. de
100 1# - ENTRADA PRINCIPAL--NOME PESSOAL
Nome pessoal Pedroso, B.A.
100 1# - ENTRADA PRINCIPAL--NOME PESSOAL
Nome pessoal Nodenu, J.A.
100 1# - ENTRADA PRINCIPAL--NOME PESSOAL
Nome pessoal Infeld, J.A.
100 1# - ENTRADA PRINCIPAL--NOME PESSOAL
Nome pessoal Gomes, A. do S.
100 1# - ENTRADA PRINCIPAL--NOME PESSOAL
Nome pessoal Pauletto, E.A.
245 1# - TÍTULO
Título Avaliacao critica dos projetos do PNP-arroz na area de praticas culturais, no periodo de 1980 a 1989: Estados do Rio Grande do Sul e Santa Catarina
490 ## - TÍTULO DA SÉRIE
Título da série Documentos - Centro Nacional de Pesquisa em Arroz e Feijao (Brazil)
Número do volume ou designação sequencial da série no. 40
ISSN - International Standard Serial Number ISSN 0101-9716
500 ## - NOTA GERAL
Nota geral A pesquisa de arroz no Brasil nos anos 80: avaliacao critica dos principais resultados<br/>Goiania, GO (Brasil): 1994. p. 327-341<br/>(BR9403855-AMS)<br/>
650 ## - ASSUNTO--TERMO TÓPICO
Cabeçalho tópico ou nome geográfico Arroz Irrigado
650 ## - ASSUNTO--TERMO TÓPICO
Cabeçalho tópico ou nome geográfico Projeto de Pesquisa
650 ## - ASSUNTO--TERMO TÓPICO
Cabeçalho tópico ou nome geográfico Pratica Cultural
650 ## - ASSUNTO--TERMO TÓPICO
Cabeçalho tópico ou nome geográfico Erva Daninha
650 ## - ASSUNTO--TERMO TÓPICO
Cabeçalho tópico ou nome geográfico Rio Grande do Sul
650 ## - ASSUNTO--TERMO TÓPICO
Cabeçalho tópico ou nome geográfico Santa Catarina
773 0# - ENTRADA ANALÍTICA
Título A pesquisa de arroz no Brasil nos anos 80: avaliacao critica dos principais resultados
Número de controle do registro F01 BR9403855
Partes relacionadas Goiania, GO (Brasil), 1994. p. 327-341
942 ## - ELEMENTOS DE ENTRADA ADICIONADOS (KOHA)
Tipo de material Koha Analítica de Monografia Seriada
Fonte da classificação ou esquema de arquivamento na estante Classificação AGRIS
909 ## -
-- 202506
-- Lúcia
-- 55
-- Lúcia Elande
Exemplares
Situação do descarte Fonte da classificação ou esquema de arquivamento na estante Situação física Não pode ser emprestado Coleção Biblioteca de origem Biblioteca atual Total de empréstimos Data de último acesso Número do exemplar Tipo de material Koha Situação das perdas Data de aquisição Fonte de aquisição
  Classificação AGRIS       Biblioteca Nacional de Agricultura - Binagri Biblioteca Nacional de Agricultura - Binagri   30/06/2025 01 Analítica de Monografia Seriada   2025-06-30 Portaria Interministerial nº 164/94

BINAGRI

Telefone: (61)3218-2567/2388/3357/2097 - binagri@agro.gov.br

Ministério da Agricultura e Pecuária , Esplanada dos Ministérios, Bloco D, Anexo B, Brasília/DF, CEP: 70.043-900